Τα ελληνόγλωσσα αναγνωστικά βιβλία του δημοτικού σχολείου της Κωνσταντινούπολης και η θρησκευτική και εθνική ταυτότητα των ελληνοπαίδων
Αποθηκεύτηκε σε:
| Κύριος συγγραφέας: | |
|---|---|
| Μορφή: | Βιβλίο |
| Γλώσσα: | Greek |
| Δημοσίευση: |
Θεσσαλονίκη :
Κυριακίδη,
1996
|
| Σειρά: | Χριστιανοπαιδαγωγικές μελέτες και έρευνες ;
; 7 |
| Θέματα: | |
| Ετικέτες: |
Προσθήκη ετικέτας
Δεν υπάρχουν, Καταχωρήστε ετικέτα πρώτοι!
|
MARC
| LEADER | 00000nam a2200000 i 4500 | ||
|---|---|---|---|
| 001 | 1/53139 | ||
| 008 | 070830s1996 gre d | ||
| 020 | |a 960-343-336-5 | ||
| 035 | |l 10090204 | ||
| 040 | |a GR-MY-UA |b gre |e aacr | ||
| 041 | 0 | |a gre | |
| 082 | 0 | |a 370.1109563 |2 (22) | |
| 100 | 1 | |a Δημάση, Μαρία Γ., |d 1959- | |
| 245 | 1 | 3 | |a Τα ελληνόγλωσσα αναγνωστικά βιβλία του δημοτικού σχολείου της Κωνσταντινούπολης και η θρησκευτική και εθνική ταυτότητα των ελληνοπαίδων / |c Μαρίας Γ. Δημάση |
| 260 | |a Θεσσαλονίκη : |b Κυριακίδη, |c 1996 | ||
| 300 | |a 322 σ.; |c 20 εκ. | ||
| 490 | 1 | |a Χριστιανοπαιδαγωγικές μελέτες και έρευνες = Studies and research on Christian education |v ; 7 | |
| 504 | |a Περιλαμβάνει βιβλιογραφίες | ||
| 650 | 0 | 0 | |a Christian education. |
| 650 | 0 | 0 | |a Christian education |z Turkey |x History. |
| 650 | 0 | 0 | |a Christian education of children. |
| 650 | 0 | 0 | |a Christian education |x Textbooks. |
| 650 | 0 | 0 | |a Religious education. |
| 650 | 0 | 0 | |a Religious education |x Study and teaching (Elementary) |
| 650 | 0 | 0 | |a Greeks |z Turkey |x Ethnic identity. |
| 650 | 0 | 0 | |a Greeks |z Turkey |z Istanbul. |
| 830 | 0 | |a Χριστιανοπαιδαγωγικές μελέτες και έρευνες ; |v ; 7 | |
| 852 | |a INST |b RHODES |e 20070830 |h 370.1109563 ΔΗΜ |p 005400026064 |q 005400026064 |t BK |y 0 | ||
| 901 | |a BIBL4-2007-2 | ||
| 909 | |a Ρ |b 136360 | ||
| 922 | |a 4ΕΛΗ |b 200707 |c ΕΠΕΑΕΚ2/ΠΤΔΕ |d Σ. ΠΑΤΑΚΗΣ | ||
| 970 | |a ΧΑΡΙΟΠΟΛΙΤΟΥ |b ΚΩΝΣΤΑΝΤΙΝΑ |z 2007/08/30 | ||